000 01144nam a2200313Ia 4500
005 20220317001930.0
008 181205s2018 ck a g 000 0 spa
020 _a9789584270993
041 _aspa
082 0 4 _a511.07
_bS35s
100 1 _aSingh, Simon,
_d1964-
245 1 4 _aLos Simpson y las matemáticas
_cSimon Singh ; traducción Ana Herrera
250 _aEdición especial
264 1 _aBogotá
_bPlaneta
_c2018
300 _a300 páginas
_bilustraciones en blanco y negro
_c22 cm.
336 _2rdacontent
_atexto
_btxt
337 _2rdamedia
_asin mediación
_bn
338 _2rdacarrier
_avolumen
_bnc
490 _aPlan Nacional de Lectura y Escritura Leer es mi Cuento / Ministerio de Cultura
500 _aIncluye índice
500 _aIncluye datos biográficos del autor
521 _aRecomendado para un público mayor de 15 años
534 _tThe Simpsons and their mathematical secret
650 1 4 _2LEMB
_aMatemáticas
_vMiscelaneas
_xEnseñanza
650 1 4 _2LEMB
_aMatemáticas recreativas
_vMiscelaneas
_xEnseñanza
700 1 _aHerrera, Ana
_912313
942 _2ddc
_cBK
040 _aCO-BoRNBP
_bspa
_erda
_cCO-BoRNBP
999 _c8591
_d8591